Návrh lokálneho hybridného fotovoltického systému pre vybraný objekt

Salvato in:
Dettagli Bibliografici
Autore principale: Žoldák, Michal (Autore)
Altri autori: Pípa, Marek (Relatore della tesi)
Natura: Manoscritto Libro
Lingua:slovacco
Pubblicazione: Bratislava : STU v Bratislave FEI, 2025
Soggetti:
Accesso online:https://opac.crzp.sk/?fn=detailBiblioFormChildS11TMP4&sid=BA75C2D62745AD5727EB929ED92F&seo=CRZP-detail-kniha
Tags: Aggiungi Tag
Nessun Tag, puoi essere il primo ad aggiungerne!!

MARC

LEADER 00000ntm a22000003a 4500
001 stuzp102342
003 SK-STU
005 20260203101733.6
007 ta
008 150427s2015----xo-----f-mn---000-0-slo-d
040 |a STU  |b slo 
041 0 |a slo 
044 |a xo 
100 1 |a Žoldák, Michal  |u 032000  |4 aut  |U FEI Fakulta elektrotechniky a informatiky  |T FEI Ústav elektroenergetiky a aplikovanej elektrotechniky  |X 120685  |U E020  |Y 548  |7 120685 
242 0 1 |a Design of Local Hybrid Photovoltaic System for Selected Object  |y eng 
245 1 0 |a Návrh lokálneho hybridného fotovoltického systému pre vybraný objekt 
260 |a Bratislava :  |b STU v Bratislave FEI,  |c 2025 
300 |a 92 s. 
650 4 |a Fotovoltický systém  |2 slo 
650 4 |a lokálny zdroj  |2 slo 
650 4 |a fotovoltický panel  |2 slo 
650 4 |a vlastná spotreba  |2 slo 
650 4 |a photovoltaic panel  |2 eng 
650 4 |a Photovoltaic system  |2 eng 
650 4 |a local source  |2 eng 
650 4 |a self-consumption  |2 eng 
700 1 |a Pípa, Marek  |u 032000  |k Z1  |4 ths  |U FEI Fakulta elektrotechniky a informatiky  |T FEI Ústav elektroenergetiky a aplikovanej elektrotechniky  |X 2666  |U E020  |Y 548  |7 A000002666 
856 4 |u https://opac.crzp.sk/?fn=detailBiblioFormChildS11TMP4&sid=BA75C2D62745AD5727EB929ED92F&seo=CRZP-detail-kniha